<?xml version="1.0" encoding="UTF-8"?>
<record
    xmlns:xsi="http://www.w3.org/2001/XMLSchema-instance"
    xsi:schemaLocation="http://www.loc.gov/MARC21/slim http://www.loc.gov/standards/marcxml/schema/MARC21slim.xsd"
    xmlns="http://www.loc.gov/MARC21/slim">

  <leader>01117nam a2200253 i 4500</leader>
  <controlfield tag="001">42344</controlfield>
  <controlfield tag="003">ES-MaACL</controlfield>
  <controlfield tag="005">20230906160608.0</controlfield>
  <controlfield tag="007">t|</controlfield>
  <controlfield tag="008">030313s1962    sp f         |||| |dspa d</controlfield>
  <datafield tag="080" ind1=" " ind2=" ">
    <subfield code="a">929:61 Mara&#xF1;&#xF3;n, Gregorio</subfield>
  </datafield>
  <datafield tag="100" ind1="1" ind2=" ">
    <subfield code="a">Castillo de Lucas, Antonio.</subfield>
    <subfield code="9">36735</subfield>
  </datafield>
  <datafield tag="245" ind1="1" ind2="0">
    <subfield code="a">Glosa refraneada de la vida y la obra de Mara&#xF1;&#xF3;n : </subfield>
    <subfield code="b">publicaci&#xF3;n-homenaje / </subfield>
    <subfield code="c">Antonio Castillo de Lucas ; pr&#xF3;logo de Tom&#xE1;s Cervi&#xE1;.</subfield>
  </datafield>
  <datafield tag="260" ind1=" " ind2=" ">
    <subfield code="a">Tenerife : </subfield>
    <subfield code="b">Instituto de Fisiolog&#xED;a y Patolog&#xED;a Regional, </subfield>
    <subfield code="c">1962.</subfield>
  </datafield>
  <datafield tag="300" ind1=" " ind2=" ">
    <subfield code="a">72 p., 6 l&#xE1;m. ; </subfield>
    <subfield code="c">21 cm.</subfield>
  </datafield>
  <datafield tag="490" ind1="1" ind2=" ">
    <subfield code="a">Publicaciones del Instituto de Fisiolog&#xED;a y Patolog&#xED;a de Tenerife ;</subfield>
    <subfield code="v">36</subfield>
  </datafield>
  <datafield tag="600" ind1="1" ind2="4">
    <subfield code="a">Mara&#xF1;&#xF3;n, Gregorio,</subfield>
    <subfield code="d">1887-1960-</subfield>
    <subfield code="x">Biograf&#xED;as</subfield>
    <subfield code="9">76312</subfield>
  </datafield>
  <datafield tag="600" ind1="1" ind2="4">
    <subfield code="a">Mara&#xF1;&#xF3;n, Gregorio,</subfield>
    <subfield code="d">1887-1960-</subfield>
    <subfield code="x">Cr&#xED;tica e interpretaci&#xF3;n</subfield>
    <subfield code="9">174358</subfield>
  </datafield>
  <datafield tag="700" ind1="1" ind2=" ">
    <subfield code="a">Cervi&#xE1;, Tom&#xE1;s (</subfield>
    <subfield code="d">1902-1962)</subfield>
    <subfield code="9">37660</subfield>
  </datafield>
  <datafield tag="710" ind1="2" ind2=" ">
    <subfield code="a">Instituto de Fisiolog&#xED;a y Patolog&#xED;a Regionales de Tenerife.</subfield>
    <subfield code="9">4737</subfield>
  </datafield>
  <datafield tag="830" ind1="1" ind2=" ">
    <subfield code="a">Publicaciones del Instituto de Fisiolog&#xED;a y Patolog&#xED;a de Tenerife ;</subfield>
    <subfield code="v">36</subfield>
    <subfield code="9">226724</subfield>
  </datafield>
  <datafield tag="852" ind1="4" ind2=" ">
    <subfield code="a">ES-MaACL</subfield>
    <subfield code="j">C-21560</subfield>
  </datafield>
  <datafield tag="999" ind1=" " ind2=" ">
    <subfield code="c">42344</subfield>
    <subfield code="d">42344</subfield>
  </datafield>
  <datafield tag="952" ind1=" " ind2=" ">
    <subfield code="0">0</subfield>
    <subfield code="1">0</subfield>
    <subfield code="4">0</subfield>
    <subfield code="7">0</subfield>
    <subfield code="a">ATENEOM</subfield>
    <subfield code="b">ATENEOM</subfield>
    <subfield code="c">Galer&#xED;a</subfield>
    <subfield code="d">2008-01-17</subfield>
    <subfield code="e">SC</subfield>
    <subfield code="l">0</subfield>
    <subfield code="o">C-21560</subfield>
    <subfield code="p">1044560</subfield>
    <subfield code="r">2023-02-23 00:00:00</subfield>
    <subfield code="w">2023-02-23</subfield>
    <subfield code="y">MONOGRAFIA</subfield>
  </datafield>
</record>
